Lecciones de Geografia Astronómica Natural y Política / (Record no. 24304)

MARC details
000 -LEADER
campo de control de longitud fija 01200nam a2200241 i 4500
001 - NÚMERO DE CONTROL
campo de control 24304
003 - IDENTIFICADOR DE NÚMERO DE CONTROL
campo de control ES-MaACL
005 - FECHA Y HORA DE LA ÚLTIMA TRANSACCIÓN
campo de control 20250815062532.0
007 - CAMPO FIJO DE DESCRIPCIÓN FÍSICA--INFORMACIÓN GENERAL
campo de control de longitud fija t|
008 - DATOS DE LONGITUD FIJA--INFORMACIÓN GENERAL
campo de control de longitud fija 021217m18041806sp ||||1| spa d
100 1# - ENTRADA PRINCIPAL--NOMBRE DE PERSONA
Nombre de persona Antillón, Isidoro de.
9 (RLIN) 21903
245 10 - MENCIÓN DEL TÍTULO
Título Lecciones de Geografia Astronómica Natural y Política /
Mención de responsabilidad, etc. escritas de Orden de S.M ... por el Dr. D. Isidoro de Antillón, del Gremio y Claustro de la Universidad de Valencia.
260 ## - PUBLICACIÓN, DISTRIBUCIÓN, ETC.
Lugar de publicación, distribución, etc. Madrid :
Nombre del editor, distribuidor, etc. [s.n.],
Fecha de publicación, distribución, etc. 1804-1806 (
Fabricante Imp. Real)
300 ## - DESCRIPCIÓN FÍSICA
Extensión 2 v. (XIII, [1] h., 400 p., [6] h. de lám. pleg.; [4] h., 301 p., [2] h. de lám. pleg., [1] h.) :
Otras características físicas il. ;
Dimensiones 17 cm.
530 ## - NOTA DISPONIBLE DE FORMULARIO FÍSICO ADICIONAL
Nota de formato físico adicional disponible Disponible también en sitio web.
597 ## - NOTA DE DESCRIPCIÓN FÍSICA
NOTA DE DESCRIPCIÓN FÍSICA En v. 1, las h. de lám. son grab. de instrumentos e ilustraciones relacionadas con la Astronomía.
597 ## - NOTA DE DESCRIPCIÓN FÍSICA
NOTA DE DESCRIPCIÓN FÍSICA En v. 2, las h. pleg son ilustraciones relacionadas con la Astronomía y un mapamundi.
650 #7 - PUNTO DE ACCESO ADICIONAL DE MATERIA--TÉRMINO DE MATERIA
Término de materia o nombre geográfico como elemento de entrada Astronomía
Fuente del encabezamiento o término embne
9 (RLIN) 10386
650 07 - PUNTO DE ACCESO ADICIONAL DE MATERIA--TÉRMINO DE MATERIA
Término de materia o nombre geográfico como elemento de entrada Geografía
Fuente del encabezamiento o término embne
9 (RLIN) 13070
852 ## - LOCALIZACIÓN
Ubicación ES-MaACL
Número de control de estantería Z-293-94
Encuadernación Olim: D-432-33
856 ## - LOCALIZACIÓN Y ACCESO ELECTRÓNICOS
Identificador Uniforme de Recursos <a href="http://bibliotecadigitalhispanica.bne.es:80/webclient/DeliveryManager?pid=2923923&custom_att_2=simple_viewer">http://bibliotecadigitalhispanica.bne.es:80/webclient/DeliveryManager?pid=2923923&custom_att_2=simple_viewer</a>
Nota pública Ir a la página
Holdings
Estatus retirado Estado de pérdida Estado de daño No para préstamo Colección Biblioteca de origen Biblioteca actual Ubicación en estantería Fecha de adquisición Fuente de adquisición Total de préstamos Signatura topográfica completa Código de barras Visto por última vez Precio de reemplazo Tipo de ítem Koha
        Colección digital Biblioteca del Ateneo de Madrid Biblioteca del Ateneo de Madrid Depósito Z 17/01/2008     Z-293-94 1025058 23/02/2023 23/02/2023 Libro impreso antiguo